<?xml version="1.0" encoding="UTF-8"?>
<record
    xmlns:xsi="http://www.w3.org/2001/XMLSchema-instance"
    xsi:schemaLocation="http://www.loc.gov/MARC21/slim http://www.loc.gov/standards/marcxml/schema/MARC21slim.xsd"
    xmlns="http://www.loc.gov/MARC21/slim">

  <leader>02632nam a22003977a 4500</leader>
  <datafield tag="999" ind1=" " ind2=" ">
    <subfield code="c">21918</subfield>
    <subfield code="d">21918</subfield>
  </datafield>
  <controlfield tag="003">AR-CdUCM</controlfield>
  <controlfield tag="008">190425b           ||||| |||| 00| 0 spa d</controlfield>
  <datafield tag="040" ind1=" " ind2=" ">
    <subfield code="a">MUNICIPALIDAD PROVINCIAL DEL CUSCO</subfield>
    <subfield code="c">BIBLIOTECA MUNICIPAL DEL CUSCO</subfield>
  </datafield>
  <datafield tag="082" ind1=" " ind2=" ">
    <subfield code="a">Rev.Anto/N&#xB0;105/2000</subfield>
  </datafield>
  <datafield tag="110" ind1=" " ind2=" ">
    <subfield code="a">Universidad Nacional de San Antonio Abad del Cusco</subfield>
    <subfield code="9">15942</subfield>
  </datafield>
  <datafield tag="245" ind1=" " ind2=" ">
    <subfield code="a">El Antoniano :</subfield>
    <subfield code="b">Publicaci&#xF3;n cient&#xED;fico cultural de la Universidad Nacional de San Antonio Abad del Cusco /</subfield>
    <subfield code="c">Hugo Bonet Rodr&#xED;guez, director</subfield>
  </datafield>
  <datafield tag="260" ind1=" " ind2=" ">
    <subfield code="a">Cusco :</subfield>
    <subfield code="b">UNSAAC,</subfield>
    <subfield code="c">2000.</subfield>
  </datafield>
  <datafield tag="300" ind1=" " ind2=" ">
    <subfield code="a">40 p&#xE1;ginas. :</subfield>
    <subfield code="b">ilustraciones ;</subfield>
    <subfield code="c">43 cm.</subfield>
  </datafield>
  <datafield tag="440" ind1=" " ind2=" ">
    <subfield code="a">El Antononiano.</subfield>
    <subfield code="n">A&#xF1;o 10, N&#xB0;105,enero 2000.</subfield>
    <subfield code="9">46835</subfield>
  </datafield>
  <datafield tag="505" ind1=" " ind2=" ">
    <subfield code="a">Contenido: La casa cusque&#xF1;a. -- Y donde estan la modernidad y posmodernidad. -- Identidad cultural y patrimonio hist&#xF3;rico en el nuevo milenio. -- La participaci&#xF3;n de la televisi&#xF3;n en las practicas l&#xFA;dicas de los ni&#xF1;os cusque&#xF1;os. -- Retos y vigencia de la descentralizaci&#xF3;n en el Per&#xFA; actual. -- La hacienda vista por un pongo huancavelicano. -- Reflexiones sobre la historia en el Cusco del siglo XX. -- Calles y relaciones socioecon&#xF3;micas en el centro urbano del Cusco. -- El origen de la deuda externa y la imposibilidad pr&#xE1;ctica de su pago. -- Per&#xFA; al margen de la condonaci&#xF3;n de la deuda. -- La estad&#xED;stica una herramienta esencial para toda investigaci&#xF3;n. -- Declaraciones de Mario G&#xF3;ngora Santa Cruz. --  La ciencia andina a trav&#xE9;s del Quechua. -- Planta lechera de San Jer&#xF3;nimo y desarrollo pecuario. -- Rurismo y desarrollo regional rol del comunicador. -- Juventud universidad y sociedad. -- Tratamiento de aguas servidas de peque&#xF1;os poblados en la subcuenca del r&#xED;o Huatanay. -- La &#xB4;poes&#xED;a escrita de Ra&#xFA;l Brozovich. --  Poes&#xED;a.

</subfield>
  </datafield>
  <datafield tag="650" ind1=" " ind2=" ">
    <subfield code="a">Folklore cusque&#xF1;o</subfield>
    <subfield code="9">8693</subfield>
  </datafield>
  <datafield tag="650" ind1=" " ind2=" ">
    <subfield code="a">Poes&#xED;a cusque&#xF1;a</subfield>
    <subfield code="9">2323</subfield>
  </datafield>
  <datafield tag="650" ind1=" " ind2=" ">
    <subfield code="a">Identidad cultural</subfield>
    <subfield code="9">2943</subfield>
  </datafield>
  <datafield tag="650" ind1=" " ind2=" ">
    <subfield code="a">Patrimonio hist&#xF3;rico</subfield>
    <subfield code="9">46836</subfield>
  </datafield>
  <datafield tag="650" ind1=" " ind2=" ">
    <subfield code="a">Descentralizaci&#xF3;n</subfield>
    <subfield code="9">3895</subfield>
  </datafield>
  <datafield tag="650" ind1=" " ind2=" ">
    <subfield code="a">Historia del Cusco</subfield>
    <subfield code="9">1714</subfield>
  </datafield>
  <datafield tag="700" ind1=" " ind2=" ">
    <subfield code="a">Flores Ochoa, Jorge</subfield>
    <subfield code="9">2915</subfield>
  </datafield>
  <datafield tag="700" ind1=" " ind2=" ">
    <subfield code="a">Samanez Argumedo, Roberto</subfield>
    <subfield code="9">5654</subfield>
  </datafield>
  <datafield tag="700" ind1=" " ind2=" ">
    <subfield code="a">Concha Flores, Gladys</subfield>
    <subfield code="9">46837</subfield>
  </datafield>
  <datafield tag="700" ind1=" " ind2=" ">
    <subfield code="a">Ugarte Vega Centeno, David</subfield>
    <subfield code="9">9129</subfield>
  </datafield>
  <datafield tag="700" ind1=" " ind2=" ">
    <subfield code="a">Escalante Guti&#xE9;rrez, Carmen</subfield>
    <subfield code="9">11047</subfield>
  </datafield>
  <datafield tag="700" ind1=" " ind2=" ">
    <subfield code="a">Valderrama Fern&#xE1;ndez, Ricardo</subfield>
    <subfield code="9">7653</subfield>
  </datafield>
  <datafield tag="700" ind1=" " ind2=" ">
    <subfield code="a">Aguilar Callo, V&#xED;ctor Ra&#xFA;l</subfield>
    <subfield code="9">46838</subfield>
  </datafield>
  <datafield tag="700" ind1=" " ind2=" ">
    <subfield code="a">Gonzales R&#xED;os, Jos&#xE9;</subfield>
    <subfield code="9">6726</subfield>
  </datafield>
  <datafield tag="700" ind1=" " ind2=" ">
    <subfield code="a">Valenzuela Lov&#xF3;n, Armando</subfield>
    <subfield code="9">1192</subfield>
  </datafield>
  <datafield tag="700" ind1=" " ind2=" ">
    <subfield code="a">Pantoja Palomino, Mario</subfield>
    <subfield code="9">46839</subfield>
  </datafield>
  <datafield tag="710" ind1=" " ind2=" ">
    <subfield code="a">Universidad Nacional de San Antonio Abad del Cusco</subfield>
    <subfield code="9">15942</subfield>
  </datafield>
  <datafield tag="942" ind1=" " ind2=" ">
    <subfield code="2">ddc</subfield>
    <subfield code="c">PP</subfield>
  </datafield>
  <datafield tag="945" ind1=" " ind2=" ">
    <subfield code="a">rac</subfield>
  </datafield>
  <datafield tag="952" ind1=" " ind2=" ">
    <subfield code="0">0</subfield>
    <subfield code="2">ddc</subfield>
    <subfield code="4">0</subfield>
    <subfield code="7">0</subfield>
    <subfield code="a">HEM</subfield>
    <subfield code="b">HEM</subfield>
    <subfield code="c">CART</subfield>
    <subfield code="d">2021-10-22</subfield>
    <subfield code="g">10.00</subfield>
    <subfield code="o">Rev.Anto/N&#xB0;105/2000</subfield>
    <subfield code="p">REVC000449</subfield>
    <subfield code="r">2021-10-22</subfield>
    <subfield code="y">PP</subfield>
  </datafield>
  <datafield tag="952" ind1=" " ind2=" ">
    <subfield code="0">0</subfield>
    <subfield code="2">ddc</subfield>
    <subfield code="4">0</subfield>
    <subfield code="7">0</subfield>
    <subfield code="a">HEM</subfield>
    <subfield code="b">HEM</subfield>
    <subfield code="c">CART</subfield>
    <subfield code="d">2021-10-22</subfield>
    <subfield code="g">10.00</subfield>
    <subfield code="o">Rev.Anto/N&#xB0;105/2000/e.2</subfield>
    <subfield code="p">REVC000450</subfield>
    <subfield code="r">2021-10-22</subfield>
    <subfield code="y">PP</subfield>
  </datafield>
  <datafield tag="952" ind1=" " ind2=" ">
    <subfield code="0">0</subfield>
    <subfield code="2">ddc</subfield>
    <subfield code="4">0</subfield>
    <subfield code="7">0</subfield>
    <subfield code="a">HEM</subfield>
    <subfield code="b">HEM</subfield>
    <subfield code="c">CART</subfield>
    <subfield code="d">2021-10-22</subfield>
    <subfield code="g">10.00</subfield>
    <subfield code="o">Rev.Anto/N&#xB0;105/2000/e.3</subfield>
    <subfield code="p">REVC000451</subfield>
    <subfield code="r">2021-10-22</subfield>
    <subfield code="y">PP</subfield>
  </datafield>
</record>
